Introducing communication research: (Record no. 16821)

MARC details
000 -LEADER
fixed length control field 00519nam a22001817a 4500
003 - CONTROL NUMBER IDENTIFIER
control field OSt
005 - DATE AND TIME OF LATEST TRANSACTION
control field 20180419162656.0
008 - FIXED-LENGTH DATA ELEMENTS--GENERAL INFORMATION
fixed length control field 180419b xxu||||| |||| 00| 0 eng d
020 ## - INTERNATIONAL STANDARD BOOK NUMBER
International Standard Book Number 9781412944571
040 ## - CATALOGING SOURCE
Transcribing agency KABU
050 ## - LIBRARY OF CONGRESS CALL NUMBER
Classification number P 91.3
Item number .T74 2011 C.1
100 ## - MAIN ENTRY--PERSONAL NAME
Personal name Treadwell, Donald.
245 ## - TITLE STATEMENT
Title Introducing communication research:
Remainder of title paths of inquiry/
Statement of responsibility, etc. Donald Treadwell.
260 ## - PUBLICATION, DISTRIBUTION, ETC. (IMPRINT)
Place of publication, distribution, etc. Los Angeles:
Name of publisher, distributor, etc. Sage;
Date of publication, distribution, etc. 2011.
300 ## - PHYSICAL DESCRIPTION
Extent xviii, 226p.
650 ## - SUBJECT ADDED ENTRY--TOPICAL TERM
Topical term or geographic name as entry element Communication
Form subdivision Research
-- Methodology
942 ## - ADDED ENTRY ELEMENTS (KOHA)
Source of classification or shelving scheme Library of Congress Classification
Koha item type General Collection
Holdings
Withdrawn status Lost status Source of classification or shelving scheme Not for loan Home library Current library Date acquired Cost, normal purchase price Inventory number Total Checkouts Full call number Barcode Date last seen Date last checked out Copy number Price effective from Koha item type
    Library of Congress Classification   Kabarak, Main Campus Kabarak, Main Campus 19/04/2018 4950.00 2018/0908 2 P 91.3 .T74 2011 C.1 024843 22/10/2022 05/10/2022 C. 1 19/04/2018 General Collection
Designed with assistance from East African Informatics Ltd